Použitie terapeutického monitorovania hladín liečiv pri riešení liekových interakcií

Bibliographic Details
Main Author: Göböová, Mária (Author)
Format: Article
Language:Slovak
PhysicalDescription:Obr.
ISSN:1335-924X
Subjects:

MARC

LEADER 00000nab a2200000 a 4500
001 vtls008415257
003 SK-MaSNL
005 20260304141911.0
008 250505c2005 xo 0 slo
015 |a SNBCL2005/5 
035 |a SLK033213 
035 |a urn:nbn:sk:snk-ab2kbp 
035 |a (urnnbn)urn:nbn:sk:snk:ar-a02k9u 
035 |a (uuid)ab9a19da-b46e-44f0-82f7-2a35fe3025b1 
040 |a SNKBUCL  |b slo  |c SNKBUCL  |e AACR2 
041 0 |a slo 
044 |a xo  |c SK 
080 |a 615.015.2  |2 1981 
100 1 |a Göböová, Mária  |4 aut  |9 166111 
245 1 0 |a Použitie terapeutického monitorovania hladín liečiv pri riešení liekových interakcií  |c Mária Göböová 
300 |b Obr. 
504 |a Bibliogr. odkazy 
650 0 7 |a interakcie liekov  |2 MESH  |9 1438590 
650 0 7 |a monitorovanie liekov  |2 MESH  |9 1055377 
650 0 7 |a farmakoterapia  |x účinky nežiadúce  |2 MESH  |9 873150 
650 0 7 |a polyfarmácia  |2 MESH  |9 1439678 
650 0 7 |a farmakoterapia kombinovaná  |2 MESH  |9 842141 
650 0 7 |a prípravky farmaceutické  |x aplikácia a dávkovanie  |2 MESH  |9 1432539 
650 0 7 |a účinky farmakologické  |2 MESH  |9 871294 
650 0 7 |a kazuistika  |2 MESH  |9 19523 
773 0 |t Lekárnik  |g Roč. 10, č. 5 (2005), s. 36-37  |x 1335-924X 
850 |a Slovenská národná knižnica 
852 |a Slovenská národná knižnica 
954 |a odborná, vedecká literatúra pôvodná (slovenská)  |2 lita 
958 |a article27 
958 |a OND 
958 |a EUIPO 
999 |c 2919921  |d 2921851